Calculo différentiel

Guardat en:
Dades bibliogràfiques
Autor principal: Cartan, Henri Paul (Autor)
Format: Llibre
Idioma:francès
Publicat: París Hermann 1967
Col·lecció:Collection Méthodes
Matèries:
Etiquetes: Afegir etiqueta
Sense etiquetes, Sigues el primer a etiquetar aquest registre!

MARC

LEADER 00000nam a2200000 a 4500
001 UCQ9545
003 CL-VaPUC
008 990112e19670000FR |||||||||||||||||fre|d
082 0 4 |a 515.33  |b CAR  |2 21 
100 |a Cartan, Henri Paul  |e author  |9 304666 
245 1 0 |a Calculo différentiel 
300 |a 177 p 
942 |c BK 
945 |d 19990112 00:00:00  |a crobeson 
260 |a París  |b Hermann  |c 1967 
650 0 |a Cálculo diferencial   |9 260102 
650 0 |a Ecuaciones diferenciales  |9 260083 
650 7 |a ESPACIOS DE BANACH  |2 CL-VaPUC  |9 260167 
650 0 |a Derivadas  |9 354237 
650 0 |a Funciones   |9 263869 
650 0 |a Polinomios  |9 270626 
650 7 |a TEOREMAS  |2 CL-VaPUC  |9 350068 
583 |a last modification  |c 19990112 00:00:00  |k Rodrigo Vera 
490 0 |a Collection Méthodes 
999 |c 278544  |d 278542 
952 |0 0  |1 0  |4 0  |6 515_330000000000000_CAR_1967  |7 0  |8 A  |9 317146  |a BIBMAT  |b BIBMAT  |d 2019-11-20  |i 1315870  |o 515.33 CAR 1967  |p 1315870  |r 2025-01-07  |w 2019-11-20  |y BK  |k MAT